Musicians #2 - Statistics

General Stats
  • This quiz has been taken 19 times
  • The average score is 9 of 16
Answer Stats
Picture Answer % Correct
Justin Bieber
100%
Billie Eilish
94%
Dua Lipa
89%
Mariah Carey
89%
Miley Cyrus
83%
Cardi B
78%
BTS
72%
Doja Cat
61%
Lil Nas X
61%
Maroon 5
61%
Ava Max
44%
Zara Larsson
44%
Karol G
17%
Maluma
17%
Joel Corry
11%
Kygo
6%
No matching quizzes found
Score Distribution
Percent of People with Each Score
Percentile by Number Answered
Your Score History
You have not taken this quiz